UM Logo

Analyzing media messages: (Record no. 14380)

MARC details
000 -LEADER
fixed length control field 00790nam a22002177a 4500
008 - FIXED-LENGTH DATA ELEMENTS--GENERAL INFORMATION
fixed length control field 190913b ||||| |||| 00| 0 eng d
020 ## - INTERNATIONAL STANDARD BOOK NUMBER
International Standard Book Number 9781138613980
082 ## - DEWEY DECIMAL CLASSIFICATION NUMBER
Edition number 2019
Classification number DC 302.23
Item number An13
100 ## - MAIN ENTRY--PERSONAL NAME
Personal name Riffe, Daniel
9 (RLIN) 39656
245 ## - TITLE STATEMENT
Title Analyzing media messages:
Remainder of title using quantitative content analysis in research/
Statement of responsibility, etc. Daniel Riffe and 3 others
260 ## - PUBLICATION, DISTRIBUTION, ETC. (IMPRINT)
Place of publication, distribution, etc. New York:
Name of publisher, distributor, etc. Routledge,
Date of publication, distribution, etc. c2019.
300 ## - PHYSICAL DESCRIPTION
Extent ix, 224 pages;
Other physical details 23 cm.
500 ## - GENERAL NOTE
General note Includes bibliographical references and index.
650 ## - SUBJECT ADDED ENTRY--TOPICAL TERM
Topical term or geographic name as entry element Content analysis (Communication)
9 (RLIN) 39657
650 ## - SUBJECT ADDED ENTRY--TOPICAL TERM
Topical term or geographic name as entry element Mass media Research Methodology.
9 (RLIN) 39658
650 ## - SUBJECT ADDED ENTRY--TOPICAL TERM
Topical term or geographic name as entry element Mass media Statistical methods.
9 (RLIN) 39659
700 ## - ADDED ENTRY--PERSONAL NAME
Personal name Lacy, Stephen
9 (RLIN) 39660
700 ## - ADDED ENTRY--PERSONAL NAME
Personal name Watson, Brendan R.
9 (RLIN) 39661
700 ## - ADDED ENTRY--PERSONAL NAME
Personal name Fico, Frederick
9 (RLIN) 39662
942 ## - ADDED ENTRY ELEMENTS (KOHA)
Source of classification or shelving scheme Dewey Decimal Classification
Koha item type Circulation
Holdings
Withdrawn status Lost status Source of classification or shelving scheme Damaged status Not for loan Collection code Home library Current library Shelving location Date acquired Source of acquisition Total Checkouts Full call number Barcode Date last seen Date last checked out Cost, replacement price Price effective from Koha item type
    Dewey Decimal Classification     Circulation UM Digos College - LIC UM Digos College - LIC Book Cart 08/08/2019 Purchase 1 DC 302.23 An13 2019 25453 05/15/2025 02/24/2021 3859.00 09/13/2019 Circulation